| 000 | 01381nam2a2200265 4500 | ||
|---|---|---|---|
| 001 | RU\NLR\bibl\98385 | ||
| 005 | 20260405095746.0 | ||
| 021 |
_aRU _b2000-12664 _9620 |
||
| 035 | _a(NLR Aleph) 000096185 | ||
| 090 |
_a541436 _c541436 |
||
| 100 | _a20000717d1999 |||y0rusy50 ca | ||
| 101 | 0 | _arus | |
| 102 | _aRU | ||
| 105 | _ay ||||||||| | ||
| 200 | 1 |
_aКультура _fВ.И. Волков, Л.А. Юрганова |
|
| 210 |
_d1999 _aБ. м. |
||
| 215 | _a42 с. | ||
| 320 | _aБиблиогр. в подстроч. прим. | ||
| 461 | 0 |
_1001RU\NLR\bibl\108011 _12001#$aРегиональная сфера культурно-образовательных услуг: особенности диверсификационных процессов$vЧ. 2 _9598442 _aБарсук, В. Л. _cЕкатеринбург _d1999 _fВ.Л. Барсук, А.Ф. Суховей, Л.А. Юрганова _nИн-т экономики _tРегиональная сфера культурно-образовательных услуг: особенности диверсификационных процессов _vЧ. 2 |
|
| 702 | 1 |
_4570 _8rus _7ca _aВолков _bВ. И. _cканд. филос. наук _gВладимир Иванович _3RU\NLR\auth\7736122 _919113 |
|
| 801 | 0 |
_aRU _bNLR _c20000717 _gPSBO |
|
| 801 | 1 |
_aRU _bNLR _c20000717 |
|
| 852 |
_aNLR _j2000-4/4565 |
||
| 942 | _cBOOK | ||
| 980 | _aNB | ||